<?xml version="1.0" encoding="UTF-8"?>
<marc:record xmlns:marc="http://www.loc.gov/MARC21/slim">
   <marc:leader>00000nam a2200000 a 4500</marc:leader>
   <marc:datafield ind1="1" ind2=" " tag="100">
      <marc:subfield code="a">Fieber, Christina</marc:subfield>
      <marc:subfield code="4">ctb</marc:subfield>
      <marc:subfield code="e">Mitwirkende/-r</marc:subfield>
   </marc:datafield>
   <marc:datafield ind1="1" ind2=" " tag="100">
      <marc:subfield code="a">Ruehm, David</marc:subfield>
      <marc:subfield code="4">ctb</marc:subfield>
      <marc:subfield code="e">Mitwirkende/-r</marc:subfield>
   </marc:datafield>
   <marc:datafield ind1=" " ind2=" " tag="653">
      <marc:subfield code="a">Wein</marc:subfield>
   </marc:datafield>
   <marc:datafield ind1=" " ind2=" " tag="653">
      <marc:subfield code="a">Softcover / Ratgeber/Essen</marc:subfield>
   </marc:datafield>
   <marc:datafield ind1=" " ind2=" " tag="653">
      <marc:subfield code="a">Trinken</marc:subfield>
   </marc:datafield>
   <marc:datafield ind1=" " ind2=" " tag="653">
      <marc:subfield code="a">Führer</marc:subfield>
   </marc:datafield>
   <marc:datafield ind1="0" ind2="0" tag="245">
      <marc:subfield code="a">Legendäre Weine Österreichs</marc:subfield>
   </marc:datafield>
   <marc:datafield ind1="0" ind2="0" tag="245">
      <marc:subfield code="b">präsentiert von Weinpfarrer Hans Denk</marc:subfield>
   </marc:datafield>
   <marc:datafield ind1="0" ind2="0" tag="245">
      <marc:subfield code="c">Christina Fieber ; Herbert Hacker. Mit Texten von Joachim Riedl ... Fotos von David Ruehm</marc:subfield>
   </marc:datafield>
   <marc:datafield ind1=" " ind2="1" tag="264">
      <marc:subfield code="a">Wien</marc:subfield>
      <marc:subfield code="b">Pichler</marc:subfield>
      <marc:subfield code="c">2011</marc:subfield>
   </marc:datafield>
   <marc:datafield ind1="1" ind2=" " tag="520">
      <marc:subfield code="a">Angaben aus der Verlagsmeldung

Göttliche Weine : Die besten Weine Österreichs / von Herbert Hacker, Hans Denk

Weinpfarrer Hans Denk, der vor allem durch seine profunden Weinempfehlungen in der ORF-Sendung „Willkommen Österreich“ einer breiten Öffentlichkeit bekannt wurde, präsentiert seine 30 Lieblingsweine aus Österreich. In Fachkreisen gilt er seit Jahrzehnten als „graue Eminenz“ unter den Wein-Experten. Sein Urteil ist für viele Weinmacher „sakrosankt“. Die 30 von Hans Denk ausgesuchten Weine stellen den absoluten Wein-Olymp in Österreich dar; im Unterschied zu den gängigen Weinguides werden aber hier nicht aktuelle Bewertungen hunderter Weine eines Jahrganges durchgeführt, sondern die Autoren präsentieren die Essenz aus drei Jahrzehnten österreichischen Weinbaus. Verständlich und überaus launig erzählt Hans Denk über Böden, Mikroklima, Reben aber auch über die Charaktere der Winzer, die er allesamt bestens kennt.
</marc:subfield>
   </marc:datafield>
   <marc:datafield ind1=" " ind2=" " tag="020">
      <marc:subfield code="a">9783854315292</marc:subfield>
      <marc:subfield code="9">9783854315292</marc:subfield>
   </marc:datafield>
   <marc:datafield ind1=" " ind2=" " tag="041">
      <marc:subfield code="a">ger</marc:subfield>
   </marc:datafield>
   <marc:datafield ind1=" " ind2=" " tag="300">
      <marc:subfield code="a">173 S.</marc:subfield>
   </marc:datafield>
</marc:record>
